vilo - europa - Statystyki

Ogólne statystyki
  • Ten quiz został rozwiązany 13 razy
  • Średni wynik to 77 z 152
Odpowiedzi na mapie
Odpowiedzi zakodowano w zielono-czerwonej skali na mapie do tego quizu, zgodnie z poniższymi procentami.
 
Statystyki odpowiedzi
Odpowiedź % Poprawnych
Podgorica
100%
Amsterdam
67%
Andora
67%
Antwerpia
67%
Ateny
67%
Bari
67%
Belgrad
67%
Berlin
67%
Berno
67%
Bilbao
67%
Birmingham
67%
Bordeaux
67%
Brema
67%
Brno
67%
Bruksela
67%
Budapeszt
67%
Bukareszt
67%
Burgas
67%
Charków
67%
Cluj
67%
Donieck
67%
Dublin
67%
Dubrownik
67%
Florencja
67%
Genua
67%
Glasgow
67%
Goteborg
67%
Grodno
67%
Helsinki
67%
Heraklion
67%
Kijów
67%
Kiszyniów
67%
Kłajpeda
67%
Kopenhaga
67%
Korynt
67%
Lahti
67%
Londyn
67%
Lubeka
67%
Lublana
67%
Luksemburg
67%
Madryt
67%
Malaga
67%
Malmo
67%
Marsylia
67%
Monako
67%
Moskwa
67%
Neapol
67%
Nicea
67%
Ostrawa
67%
Oulu
67%
Palermo
67%
Paryż
67%
Poczdam
67%
Porto
67%
Praga
67%
Prisztina
67%
Reykjavik
67%
Saloniki
67%
Salzburg
67%
Sankt Petersburg
67%
San Marino
67%
San Sebastian
67%
Sarajewo
67%
Skopje
67%
Starsburg
67%
Stavanger
67%
Stockholm
67%
Tirana
67%
Trondheim
67%
Turyn
67%
Vaduz
67%
Valletta
67%
Walencja
67%
Wenecja
67%
Wiedeń
67%
Wilno
67%
Witebsk
67%
Zagrzeb
67%
Arnhem
33%
Barcelona
33%
Bergen
33%
Bolonia
33%
Bratysława
33%
Czeskie Budziejowice
33%
Debreczyn
33%
Dortmund
33%
Drezno
33%
Dusseldorf
33%
Edynburg
33%
Frankfurt nad Menem
33%
Genewa
33%
Graz
33%
Grenoble
33%
Haga
33%
Hamburg
33%
Hannover
33%
Innsbruck
33%
Karlskrona
33%
Kilonia
33%
Kiruna
33%
Konstanca
33%
Koszyce
33%
Kowno
33%
Lille
33%
Lipsk
33%
Liverpool
33%
Lizbona
33%
Lozanna
33%
Lwów
33%
Lyon
33%
Manchester
33%
Mediolan
33%
Mińsk
33%
Miszkolc
33%
Monachium
33%
Murmańsk
33%
Narwa
33%
Nisz
33%
Norymberga
33%
Nowy Sad
33%
Odense
33%
Oslo
33%
Ostenda
33%
Pecz
33%
Pilzno
33%
Piza
33%
Płowdiw
33%
Poprad
33%
Rennes
33%
Rijeka
33%
Rostock
33%
Rotterdam
33%
Ryga
33%
Rzym
33%
Santiago de Compostella
33%
Saragossa
33%
Sewilla
33%
Sofia
33%
Split
33%
Szawle
33%
Tallin
33%
Timisoara
33%
Tromso
33%
Tuluza
33%
Turku
33%
Twer
33%
Verona
33%
Warna
33%
Warszawa
33%
Zadar
33%
Zurych
33%
Kolonia
0%
Nie znaleziono quizów pasujących do podanych kryteriów
Rozkład punktacji
Procent ludzi z każdym wynikiem
Percentyl według liczby udzielonych odpowiedzi
Twoja historia wyników
Nie rozwiązałeś tego quizu